Europa balcánica y los países de la cuenca del mar negro - mercosur: dinámicas e interacciones /

Guardado en:
Otros Autores: Pajovic, Slobodan S., coord., Monserrat Llairó, María de, coord.
Formato: Libro
Publicado: Belgrado : Universidad Megatrend, 2012
Materias:
Etiquetas: Agregar Etiqueta
Sin Etiquetas, Sea el primero en etiquetar este registro!
LEADER 00729nam a22001935a 4500
001 EHU.bham042002
003 AR-BHAM
005 20130320141425.0
008 130507s2012##################000#0#####d
020 |a 9788677474591 
082 3 3 |a 339.923 
245 0 0 |a Europa balcánica y los países de la cuenca del mar negro - mercosur: dinámicas e interacciones /  |c  Coord. Por Slobodan S. Pajovic, María De Monserrat Llairó 
260 |a Belgrado :  |b Universidad Megatrend,  |c 2012 
300 |a 302 p. 
653 |a Península balcánica-estudios 
653 |a Mar negro-estudios 
700 1 |a Pajovic, Slobodan S., coord. 
700 1 |a Monserrat Llairó, María de, coord. 
859 |a AR-BHAM  |b BIB. HUMANIDADES - General  |h 339.923  |i Eu74-1  |p 9.13  |t Ej.1